[Event "ICS rated standard match"]
[Site "204.178.125.65"]
[Date "1999.11.06"]
[Round "?"]
[White "ECI"]
[Black "Hossa"]
[Result "1/2-1/2"]
[WhiteElo "2378"]
[BlackElo "2278"]
[PlyCount "169"]
[EventDate "1999.??.??"]

1. e4 e5 2. Nf3 Nf6 3. Nxe5 d6 4. Nf3 Nxe4 5. Qe2 Qe7 6. d3 Nf6 7. Bg5 Qxe2+ 8.
Bxe2 Be7 9. Nc3 O-O 10. O-O-O Re8 11. Rhe1 Nc6 12. Bxf6 Bxf6 13. d4 Nb4 14. a3
Nc6 15. h3 Bd7 16. Nd5 Bd8 17. Bb5 Re6 18. Kb1 Rb8 19. Bd3 Ne7 20. Ne3 d5 21.
Ne5 Ba4 22. f4 Rf6 23. g3 Rc8 24. N5g4 Rd6 25. Nf5 Nxf5 26. Bxf5 Rb8 27. b3 Bb5
28. a4 Bc6 29. c3 g6 30. Bc2 Bd7 31. Re3 h5 32. Nf2 Bf6 33. Rde1 Kg7 34. h4 Re6
35. Nd3 Rxe3 36. Rxe3 a5 37. Kc1 Re8 38. Rxe8 Bxe8 39. Kd2 b6 40. Ne5 Be7 41.
Nd3 c5 42. Ke3 Kh6 43. dxc5 bxc5 44. b4 axb4 45. cxb4 d4+ 46. Ke4 Bc6+ 47. Ke5
c4 48. b5 cxd3 49. Bxd3 Bf3 50. a5 Bb4 51. a6 Bc5 52. Kf6 Bd5 53. f5 gxf5 54.
Kxf5 Bd6 55. b6 Kg7 56. g4 hxg4 57. Kxg4 Kf6 58. h5 Kg7 59. Kg5 Kf8 60. Kf6 Kg8
61. h6 Kh8 62. h7 Bg3 63. Bf5 Bb8 64. Bb1 Bd6 65. b7 Bb8 66. Bd3 Bb3 67. Ke7
Be6 68. Ke8 Kg7 69. Ke7 Bd5 70. Kd7 Be6+ 71. Kc6 Ba7 72. Kc7 f5 73. b8=Q Bxb8+
74. Kxb8 Kxh7 75. a7 Bd5 76. Bxf5+ Kg7 77. Bd3 Kf6 78. a8=Q Bxa8 79. Kxa8 Kg5
80. Bh7 Kh5 81. Kb7 Kh6 82. Bd3 Kg7 83. Kc6 Kh6 84. Kd5 Kg7 85. Kxd4 {
Game drawn because neither player has mating material} 1/2-1/2

[Event "ICS rated blitz match"]
[Site "204.178.125.65"]
[Date "1999.11.06"]
[Round "?"]
[White "Hossa"]
[Black "tvjobb"]
[Result "1/2-1/2"]
[WhiteElo "2453"]
[BlackElo "2200"]
[PlyCount "120"]
[EventDate "1999.??.??"]

1. d4 Nf6 2. c4 g6 3. Nc3 Bg7 4. e4 d6 5. f3 O-O 6. Be3 Nbd7 7. Qd2 e5 8. d5 a5
9. O-O-O a4 10. Bh6 a3 11. b4 Nb6 12. Bd3 Na4 13. Nxa4 Rxa4 14. Bxg7 Kxg7 15.
h4 c5 16. bxc5 dxc5 17. Qc3 Qd6 18. h5 Bd7 19. hxg6 fxg6 20. Qd2 b5 21. Qh6+
Kg8 22. cxb5 c4 23. Bb1 Qb4 24. Qd2 c3 25. Qc2 Bxb5 26. Qb3 Qxb3 27. axb3 a2
28. Bxa2 Rxa2 29. d6 Ra1+ 30. Kc2 Rxd1 31. Kxd1 Rd8 32. Kc2 Rxd6 33. Kxc3 Rd1
34. Kc2 Rf1 35. Kc3 Nh5 36. Kd2 Kf7 37. g4 Ng3 38. Rxh7+ Kg8 39. Rb7 Rxg1 40.
Rxb5 Rf1 41. Ke3 Rb1 42. Kf2 Nf1 43. Rxe5 Nd2 44. Rd5 Nxb3 45. f4 Rb2+ 46. Ke3
Rg2 47. g5 Rg3+ 48. Kf2 Rc3 49. f5 gxf5 50. exf5 Nc5 51. Rd8+ Kf7 52. Rd4 Rd3
53. Rxd3 Nxd3+ 54. Kf3 Ne5+ 55. Ke4 Ng6 56. fxg6+ Kxg6 57. Kf4 Kg7 58. Kf5 Kf7
59. Ke5 Kg6 60. Ke4 60... Kxg5 {
Game drawn because neither player has mating material} 1/2-1/2

[Event "ICS rated blitz match"]
[Site "204.178.125.65"]
[Date "1999.11.06"]
[Round "?"]
[White "gonzalez"]
[Black "Hossa"]
[Result "0-1"]
[WhiteElo "2293"]
[BlackElo "2453"]
[PlyCount "62"]
[EventDate "1999.??.??"]

1. e4 e5 2. Nf3 Nf6 3. Nxe5 d6 4. Nf3 Nxe4 5. d3 Nf6 6. d4 d5 7. Bd3 Bd6 8. O-O
O-O 9. Bg5 Re8 10. c4 dxc4 11. Bxc4 Nc6 12. h3 h6 13. Bh4 Na5 14. Bb5 c6 15.
Bd3 Qb6 16. Bxf6 Qxb2 17. Bxg7 Kxg7 18. Nbd2 Bf4 19. Ne4 Qa3 20. Qc2 Kh8 21.
Nc5 b6 22. Nb3 Bb7 23. Rfe1 c5 24. Nxa5 Rxe1+ 25. Rxe1 Qxa5 26. Be4 Re8 27. g3
Bd6 28. Kg2 Qxe1 29. Bxb7 Qe2 30. Qf5 Qe6 31. Qh5 31... Qg6 {gonzalez resigns}
0-1

[Event "ICS rated blitz match"]
[Site "204.178.125.65"]
[Date "1999.11.06"]
[Round "?"]
[White "Hossa"]
[Black "gonzalez"]
[Result "1-0"]
[WhiteElo "2478"]
[BlackElo "2268"]
[PlyCount "57"]
[EventDate "1999.??.??"]

1. d4 Nf6 2. c4 e6 3. g3 c5 4. d5 exd5 5. cxd5 d6 6. Nf3 g6 7. Nc3 Bg7 8. Bg2
O-O 9. O-O a6 10. e4 Nbd7 11. Bf4 Ne8 12. Qb3 b5 13. Bg5 Bf6 14. Bh6 Ng7 15. a4
b4 16. Nd1 a5 17. Rc1 Ba6 18. Re1 c4 19. Qe3 Re8 20. Bg5 Bxg5 21. Nxg5 Ne5 22.
Rb1 Rc8 23. f4 Ng4 24. Qa7 Qc7 25. Qxa6 Qc5+ 26. Kh1 Nf5 27. Bh3 h5 28. Rc1
Nxg3+ 29. hxg3 {gonzalez resigns} 1-0

[Event "ICS rated blitz match"]
[Site "204.178.125.65"]
[Date "1999.11.06"]
[Round "?"]
[White "MissSilicon"]
[Black "Hossa"]
[Result "1-0"]
[WhiteElo "2591"]
[BlackElo "2485"]
[PlyCount "126"]
[EventDate "1999.??.??"]

1. d4 Nf6 2. c4 c5 3. d5 e6 4. Nc3 exd5 5. cxd5 d6 6. g3 Be7 7. e4 O-O 8. Nf3
Bg4 9. Be2 Re8 10. O-O Bf8 11. Bg5 Be7 12. Bf4 Nbd7 13. Qc2 Bh3 14. Rfd1 Ng4
15. Qb3 Qb6 16. Qxb6 Nxb6 17. Nb5 Rad8 18. Nc7 Rf8 19. Ng5 Bxg5 20. Bxg5 Rd7
21. Nb5 Nc8 22. f3 f6 23. Bc1 Ne5 24. g4 a6 25. Nc3 f5 26. gxf5 Rf6 27. Kf2 Ne7
28. Bg5 Rf8 29. f4 Nf7 30. Bxe7 Rxe7 31. Rd3 Bxf5 32. exf5 Nh6 33. Bf3 Nxf5 34.
Ne2 Rfe8 35. Re1 Nd4 36. Bh5 g6 37. Bf3 b5 38. Bg4 Nc2 39. Rg1 Nb4 40. Ra3 Nxd5
41. Rxa6 Nf6 42. Bf3 Ne4+ 43. Kg2 d5 44. Ng3 Rf7 45. Rd1 Rxf4 46. Rxd5 Nxg3 47.
Kxg3 Rc4 48. Rd7 Rd4 49. Rxd4 cxd4 50. Ra8 Rxa8 51. Bxa8 Kg7 52. Kf3 d3 53. Ke3
g5 54. Kxd3 g4 55. Ke3 h5 56. Kf4 b4 57. Kg5 Kf7 58. Kxh5 Ke6 59. Kxg4 Ke5 60.
h4 Ke6 61. Kg5 Kd6 62. h5 Ke7 63. h6 63... Ke6 {Hossa resigns} 1-0

[Event "ICS rated blitz match"]
[Site "204.178.125.65"]
[Date "1999.11.06"]
[Round "?"]
[White "PostModernist"]
[Black "Hossa"]
[Result "1/2-1/2"]
[WhiteElo "2551"]
[BlackElo "2470"]
[PlyCount "159"]
[EventDate "1999.??.??"]

1. d4 Nf6 2. c4 g6 3. Nc3 Bg7 4. e4 d6 5. Be2 O-O 6. Nf3 e5 7. Be3 exd4 8. Nxd4
Re8 9. f3 Nc6 10. O-O Nxd4 11. Bxd4 c6 12. Qd2 Re6 13. Rfd1 Bd7 14. c5 d5 15.
g4 Qe7 16. exd5 Nxd5 17. Bc4 Bxd4+ 18. Qxd4 Rd8 19. Bxd5 cxd5 20. Nxd5 Qh4 21.
Rd2 Rde8 22. b4 Bb5 23. Rf2 Rd8 24. Rd1 Rd7 25. Qc3 Bc6 26. Qb3 Bxd5 27. Rxd5
Qh3 28. Rd1 Re4 29. Rc1 Re6 30. Qc3 h5 31. gxh5 Qxh5 32. Rcf1 Qh4 33. a3 Rd5
34. Rd2 Qg5+ 35. Rg2 Qf4 36. a4 Re3 37. Qc1 Rdd3 38. Rg4 Qf5 39. Rg2 Rxf3 40.
Re1 Qd7 41. b5 Qd4+ 42. Kh1 Rfe3 43. Rf1 Qxa4 44. c6 bxc6 45. Qxc6 Qe4 46. Qc8+
Qe8 47. Qc7 Rd7 48. Qc4 Re4 49. Qb3 Qe6 50. Qc3 Qc4 51. Qxc4 Rxc4 52. Ra1 Kg7
53. Kg1 f5 54. h3 Rcd4 55. Rga2 Rd1+ 56. Rxd1 Rxd1+ 57. Kg2 Rd7 58. h4 Kh6 59.
Ra6 Kh5 60. Kg3 Rb7 61. Ra5 Rf7 62. Ra6 Re7 63. Ra3 g5 64. hxg5 Kxg5 65. Kf3
Rh7 66. Ra1 Rg7 67. Rg1+ Kf6 68. Rd1 Rb7 69. Kf4 Re7 70. Rd6+ Re6 71. Rc6 Rxc6
72. bxc6 Ke6 73. c7 Kd7 74. c8=Q+ Kxc8 75. Kxf5 a5 76. Ke5 a4 77. Kd4 a3 78.
Kc3 a2 79. Kb2 a1=R 80. Kxa1 {
Game drawn because neither player has mating material} 1/2-1/2

[Event "ICS rated blitz match"]
[Site "204.178.125.65"]
[Date "1999.11.06"]
[Round "?"]
[White "Hossa"]
[Black "PostModernist"]
[Result "0-1"]
[WhiteElo "2474"]
[BlackElo "2547"]
[PlyCount "79"]
[EventDate "1999.??.??"]

1. e4 c5 2. Nf3 e6 3. Nc3 a6 4. d4 cxd4 5. Nxd4 Nc6 6. g3 Qc7 7. Bg2 d6 8. Be3
Nf6 9. O-O Be7 10. Nxc6 bxc6 11. Qd4 O-O 12. Rfd1 Ng4 13. Bc1 Bd7 14. f4 e5 15.
fxe5 dxe5 16. Qxd7 Qb6+ 17. Rd4 Qxd4+ 18. Qxd4 exd4 19. Nd1 Bc5 20. Bh3 Ne3 21.
Nxe3 dxe3 22. Kf1 Rae8 23. Bg2 f5 24. Ke2 f4 25. Bf3 g5 26. h3 Re7 27. c3 Ref7
28. e5 fxg3 29. Bxc6 Rf2+ 30. Kd3 Rd8+ 31. Kc4 e2 32. Bxg5 Rd1 33. Bd2 Be7 34.
a4 Rxa1 35. b4 Rd1 36. Be1 Rxe1 37. Bd5+ Kg7 38. b5 axb5+ 39. axb5 Rd1 40. b6 {
Hossa resigns} 0-1

[Event "ICS rated blitz match"]
[Site "204.178.125.65"]
[Date "1999.11.06"]
[Round "?"]
[White "PostModernist"]
[Black "Hossa"]
[Result "1-0"]
[WhiteElo "2560"]
[BlackElo "2461"]
[PlyCount "72"]
[EventDate "1999.??.??"]

1. e4 c5 2. Nf3 e6 3. d4 cxd4 4. Nxd4 Nc6 5. Nc3 a6 6. Be2 d5 7. exd5 exd5 8.
O-O Nf6 9. Bf3 Nxd4 10. Qxd4 Be6 11. Rd1 Rc8 12. Bg5 Be7 13. Qa4+ Bd7 14. Qb3
b5 15. Bxf6 Bxf6 16. Nxd5 Be6 17. Qa3 a5 18. Nxf6+ Qxf6 19. Bb7 Rxc2 20. Qd6
Bg4 21. Re1+ Be6 22. Bc6+ Rxc6 23. Qxc6+ Ke7 24. Qc5+ Ke8 25. Qxb5+ Ke7 26.
Qc5+ Ke8 27. Rad1 Qf4 28. Qc6+ Ke7 29. Rd7+ Kf6 30. Rxf7+ Kg5 31. Rxe6 g6 32.
Qd5+ Kh6 33. Rxf4 Rf8 34. Rh4+ Kg7 35. Re7+ Rf7 36. Qxf7+ 36... Kh8 {
Hossa resigns} 1-0

[Event "ICS rated blitz match"]
[Site "204.178.125.65"]
[Date "1999.11.06"]
[Round "?"]
[White "Tapalque"]
[Black "Hossa"]
[Result "0-1"]
[WhiteElo "2248"]
[BlackElo "2449"]
[PlyCount "96"]
[EventDate "1999.??.??"]

1. e4 e5 2. Nf3 Nf6 3. Nc3 Bb4 4. d3 Nc6 5. Be2 d5 6. exd5 Nxd5 7. Bd2 Nf4 8.
O-O Nxe2+ 9. Qxe2 Bg4 10. h3 Bxf3 11. Qxf3 O-O 12. Rfe1 Nd4 13. Qd1 Re8 14. Ne4
Bxd2 15. Qxd2 Qd5 16. c3 Ne6 17. Qc2 Nf4 18. f3 Qxd3 19. Qxd3 Nxd3 20. Re2 Rad8
21. Rd1 Rd7 22. Red2 Red8 23. b3 Kf8 24. Kf1 Ke7 25. g3 f5 26. Nf2 Nxf2 27.
Rxd7+ Rxd7 28. Rxd7+ Kxd7 29. Kxf2 c5 30. c4 h6 31. Ke3 g6 32. a3 a5 33. a4 Ke6
34. Kd3 Kf6 35. h4 g5 36. hxg5+ Kxg5 37. Ke2 h5 38. Kf2 f4 39. gxf4+ Kxf4 40.
Kg2 h4 41. Kf2 h3 42. Ke2 h2 43. Kf2 h1=Q 44. Ke2 Qxf3+ 45. Kd2 Qf2+ 46. Kc3
Qa2 47. Kd3 Qb2 48. b4 48... e4# {Tapalque checkmated} 0-1

[Event "ICS rated blitz match"]
[Site "204.178.125.65"]
[Date "1999.11.06"]
[Round "?"]
[White "Hossa"]
[Black "Tapalque"]
[Result "1-0"]
[WhiteElo "2456"]
[BlackElo "2238"]
[PlyCount "35"]
[EventDate "1999.??.??"]

1. e4 c5 2. Nf3 d6 3. Nc3 Nc6 4. d4 cxd4 5. Nxd4 Nf6 6. Bc4 e6 7. Nf3 Be7 8.
Bg5 h6 9. Bh4 g5 10. Bg3 Bd7 11. Bxd6 Rc8 12. e5 Bxd6 13. Qxd6 Nh5 14. Rd1 Nf4
15. Ne4 Qc7 16. Nf6+ Kd8 17. Qxd7+ Qxd7 18. Rxd7# {Tapalque checkmated} 1-0

[Event "ICS rated blitz match"]
[Site "204.178.125.65"]
[Date "1999.11.06"]
[Round "?"]
[White "Tapalque"]
[Black "Hossa"]
[Result "0-1"]
[WhiteElo "2231"]
[BlackElo "2463"]
[PlyCount "120"]
[EventDate "1999.??.??"]

1. e4 e5 2. Nf3 Nf6 3. Nxe5 d6 4. Nf3 Nxe4 5. d4 Nf6 6. Bd3 Be7 7. O-O Nc6 8.
c3 O-O 9. Nbd2 Re8 10. h3 d5 11. Re1 a5 12. Nf1 a4 13. a3 Be6 14. Bg5 Qd6 15.
Qc2 h6 16. Bh4 Ra5 17. Bg3 Qd7 18. Ne3 Bd6 19. Bh4 Qd8 20. Bf5 Bxf5 21. Nxf5
Rf8 22. Re2 Ra6 23. Rae1 Kh8 24. Qc1 Kh7 25. Qc2 Kh8 26. Qd2 Kh7 27. Ng3 Bxg3
28. Bxg3 Kh8 29. Bh4 Qd6 30. Bxf6 Qxf6 31. Ne5 Qd6 32. Qf4 Kg8 33. Qf5 Ne7 34.
Qg4 Nc6 35. Nd3 Ra7 36. Nc5 b6 37. Nd7 f5 38. Qh5 Qxd7 39. Re6 b5 40. Rg6 Ne7
41. Rg3 f4 42. Rf3 Qd6 43. Re5 c6 44. Qg4 Qg6 45. Rxf4 Qb1+ 46. Kh2 Rxf4 47.
Qxf4 Qxb2 48. Qe3 Qxa3 49. Re6 Kf7 50. Qe5 Qxc3 51. Rd6 Qc2 52. Qe6+ Ke8 53.
Qe3 a3 54. Re6 a2 55. Rg6 Qxg6 56. f4 a1=Q 57. f5 Qd6+ 58. Qg3 Qh1+ 59. Kxh1
Qxg3 60. f6 60... Ra1# {Tapalque checkmated} 0-1

[Event "ICS rated blitz match"]
[Site "204.178.125.65"]
[Date "1999.11.06"]
[Round "?"]
[White "Hossa"]
[Black "LeonGM"]
[Result "1-0"]
[WhiteElo "2470"]
[BlackElo "2457"]
[PlyCount "51"]
[EventDate "1999.??.??"]

1. e4 c5 2. Nf3 d6 3. Nc3 Nf6 4. e5 dxe5 5. Nxe5 Nbd7 6. Nc4 e6 7. Be2 Be7 8.
O-O O-O 9. d3 a6 10. Bf3 Ra7 11. Bf4 Ne8 12. Qe2 b5 13. Ne5 Nxe5 14. Qxe5 Bd6
15. Qe3 e5 16. Bg3 f6 17. Bd5+ Kh8 18. f4 exf4 19. Bxf4 Re7 20. Be4 Bxf4 21.
Rxf4 f5 22. Qxc5 Nc7 23. Raf1 Ne6 24. Rxf5 Rg8 25. Qf2 Nd4 26. Rd5 {
LeonGM resigns} 1-0

[Event "ICS Rated blitz match"]
[Site "204.178.125.65"]
[Date "1999.11.06"]
[Round "?"]
[White "Hossa"]
[Black "Tapalque"]
[Result "1-0"]
[WhiteElo "2485"]
[BlackElo "2224"]
[PlyCount "85"]
[EventDate "1999.??.??"]

1. e4 c6 2. d4 d5 3. exd5 cxd5 4. c4 Nf6 5. Nc3 e6 6. Nf3 Nc6 7. a3 Be7 8. Be2
O-O 9. Bd3 Bd7 10. O-O dxc4 11. Bxc4 Rc8 12. Bd3 Qa5 13. Be3 Rfd8 14. Rc1 Qh5
15. Ng5 Qxd1 16. Rfxd1 h6 17. Nge4 Be8 18. Bb5 a6 19. Ba4 b5 20. Bc2 Na5 21.
Nd2 Bc6 22. Re1 Nd5 23. Bd3 Nb7 24. Nde4 Nd6 25. Nc5 Nc7 26. Bf4 Ba8 27. Ne2
Kf8 28. Be5 f6 29. Bg3 Kf7 30. Nf4 Bd5 31. Bg6+ Kf8 32. Bh5 Nc4 33. Ng6+ Ke8
34. Bxc7 Rxc7 35. Nf4+ Kf8 36. Ncxe6+ Bxe6 37. Nxe6+ Kg8 38. Nxc7 Rxd4 39. Rxe7
Kh7 40. Rc2 Ne5 41. Ne8 Kg8 42. Nxf6+ gxf6 43. Rc8+ {Tapalque resigns} 1-0

[Event "ICS rated blitz match"]
[Site "204.178.125.65"]
[Date "1999.11.06"]
[Round "?"]
[White "Hossa"]
[Black "Tapalque"]
[Result "1-0"]
[WhiteElo "2465"]
[BlackElo "2244"]
[PlyCount "75"]
[EventDate "1999.??.??"]

1. e4 d6 2. Nf3 Nf6 3. Nc3 g6 4. d4 Bg7 5. Bg5 O-O 6. Be2 Nbd7 7. O-O c6 8. Qd2
Qc7 9. Bh6 Re8 10. Qg5 Bh8 11. Rfd1 b5 12. Bd3 b4 13. Ne2 e5 14. Qh4 a5 15. a3
c5 16. dxe5 Nxe5 17. Bb5 Nxf3+ 18. gxf3 Bd7 19. Bxd7 Nxd7 20. Ra2 Ne5 21. Qf4
Re6 22. Qe3 Rae8 23. Nf4 Rf6 24. Bg5 Rxf4 25. Bxf4 Re6 26. Bh6 Rf6 27. f4 Ng4
28. Qh3 Nxh6 29. Qxh6 Qe7 30. f3 Re6 31. axb4 Bd4+ 32. Rxd4 cxd4 33. Rxa5 Qe8
34. h3 Re7 35. f5 Rc7 36. f6 Qf8 37. Qxf8+ Kxf8 38. Ra8+ {Tapalque resigns} 1-0

[Event "ICS rated blitz match"]
[Site "204.178.125.65"]
[Date "1999.11.06"]
[Round "?"]
[White "Tapalque"]
[Black "Hossa"]
[Result "0-1"]
[WhiteElo "2237"]
[BlackElo "2472"]
[PlyCount "114"]
[EventDate "1999.??.??"]

1. d4 Nf6 2. c4 g6 3. Nc3 Bg7 4. e4 d6 5. Nf3 O-O 6. Be2 e5 7. O-O Nc6 8. d5
Ne7 9. b4 a5 10. bxa5 Rxa5 11. a4 Nd7 12. Be3 f5 13. Ng5 Nc5 14. f3 h6 15. Ne6
Nxe6 16. dxe6 Bxe6 17. Nd5 Nc6 18. Qb3 b6 19. Rfd1 Nd4 20. Qb2 fxe4 21. fxe4
Bd7 22. Bd3 Rxa4 23. Rxa4 Bxa4 24. Ra1 Bc6 25. h3 Rf7 26. Ra7 Qb8 27. Qa2 Bf8
28. Bf1 Bb7 29. Bd3 Nc6 30. Ra4 Bg7 31. Qa1 Nd4 32. Qd1 Bc6 33. Ra2 Qb7 34. Qg4
g5 35. h4 Bd7 36. Qg3 g4 37. h5 c6 38. Nc3 Qb8 39. Kh2 Be6 40. Rf2 Rxf2 41.
Qxf2 Qd8 42. Ne2 Qf8 43. Qe1 Qf7 44. Ng3 Bxc4 45. Bxc4 Qxc4 46. Qa1 b5 47. Qa8+
Kh7 48. Qe8 Qe6 49. Qb8 Nc2 50. Bd2 d5 51. Qb7 Nd4 52. Be3 Qf6 53. Qd7 Qh4+ 54.
Kg1 Qxg3 55. Bf2 Qd3 56. exd5 g3 57. Qg4 57... Qb1+ {Tapalque resigns} 0-1

[Event "ICS rated blitz match"]
[Site "204.178.125.65"]
[Date "1999.11.06"]
[Round "?"]
[White "Hossa"]
[Black "Tapalque"]
[Result "1-0"]
[WhiteElo "2479"]
[BlackElo "2230"]
[PlyCount "83"]
[EventDate "1999.??.??"]

1. e4 c5 2. Nf3 d6 3. Nc3 Nc6 4. d4 cxd4 5. Nxd4 Nf6 6. Bc4 e6 7. Nf3 Be7 8.
Bg5 a6 9. a4 Qc7 10. O-O O-O 11. Bb3 b6 12. Qe2 Bb7 13. Qc4 Rac8 14. Be3 Nd7
15. Rad1 Nc5 16. Bxc5 dxc5 17. Qe2 Rfd8 18. Qe3 Bf6 19. Ng5 h6 20. Nxe6 fxe6
21. Bxe6+ Kh8 22. Nd5 Qe5 23. Bxc8 Rxc8 24. Nxb6 Rc7 25. Nd5 Rf7 26. Nxf6 Rxf6
27. f4 Qxb2 28. Rb1 Qxc2 29. Rxb7 Rg6 30. g3 Nd4 31. Rc7 Nb3 32. Rc8+ Kh7 33.
e5 Rg4 34. Re1 c4 35. Qf3 Rg6 36. Qd5 Rb6 37. Qg8+ Kg6 38. Rc7 Qf5 39. Rxg7+
Kh5 40. e6 Nd4 41. Qe8+ Qf7 42. Qxf7# {Tapalque checkmated} 1-0

[Event "ICS rated blitz match"]
[Site "204.178.125.65"]
[Date "1999.11.06"]
[Round "?"]
[White "Tapalque"]
[Black "Hossa"]
[Result "0-1"]
[WhiteElo "2224"]
[BlackElo "2485"]
[PlyCount "82"]
[EventDate "1999.??.??"]

1. d4 Nf6 2. c4 g6 3. Nc3 Bg7 4. Nf3 c5 5. d5 O-O 6. e4 d6 7. Be2 e5 8. O-O Bg4
9. h3 Bd7 10. Be3 Na6 11. a3 Qb6 12. Qd2 Nh5 13. Rab1 f5 14. Ng5 f4 15. Bxh5
gxh5 16. f3 fxe3 17. Qxe3 Nc7 18. h4 h6 19. Nh3 Bxh3 20. gxh3 Qb3 21. Rf2 Qxc4
22. Ne2 Qc2 23. Rbf1 Qxb2 24. Rg2 Rf7 25. Qxh6 Qxe2 26. Rff2 Qe1+ 27. Rf1 Qxh4
28. Qg6 Ne8 29. Rff2 Nf6 30. Rg5 Nxe4 31. Rfg2 Nxg5 32. Rxg5 Qd4+ 33. Kg2 Qxd5
34. Qxh5 Qa2+ 35. Kg3 Raf8 36. Qg4 Qxa3 37. Kh4 Qxf3 38. Qg1 b5 39. Rg4 Kh8 40.
Rg5 Bf6 41. Qg4 41... Rh7+ {Tapalque resigns} 0-1

[Event "ICS rated blitz match"]
[Site "204.178.125.65"]
[Date "1999.11.06"]
[Round "?"]
[White "Hossa"]
[Black "Tapalque"]
[Result "1-0"]
[WhiteElo "2491"]
[BlackElo "2218"]
[PlyCount "117"]
[EventDate "1999.??.??"]

1. e4 c5 2. Nf3 d6 3. Nc3 Nf6 4. e5 Ng4 5. exd6 exd6 6. d4 Be7 7. Be2 O-O 8.
Nd5 Nc6 9. Nxe7+ Qxe7 10. d5 Nd8 11. O-O Bf5 12. c4 Nf6 13. Re1 Qd7 14. Nh4 Bg6
15. Bg5 Ne4 16. Bg4 f5 17. Rxe4 fxg4 18. Nxg6 hxg6 19. Qxg4 Qxg4 20. Rxg4 Nf7
21. Be7 Rfe8 22. Re1 Ne5 23. Rxe5 dxe5 24. Bxc5 Rac8 25. Be3 b6 26. Bg5 Rc7 27.
b3 Rd7 28. Re4 Kf7 29. a3 a6 30. Re3 b5 31. h4 bxc4 32. bxc4 Rc8 33. Re4 a5 34.
Be3 a4 35. Kh2 Kf6 36. g4 Rb7 37. c5 Rd7 38. d6 Ra8 39. Bg5+ Ke6 40. Bf4 Rc8
41. Rxe5+ Kf7 42. Bg5 Kf8 43. Kg3 Kf7 44. f3 Rc6 45. Kf4 Rc8 46. Ke4 Rb7 47. f4
Rb3 48. d7 Rcb8 49. d8=Q Rxd8 50. Bxd8 Rxa3 51. Re7+ Kf8 52. Ra7 Ra2 53. Bc7
Rc2 54. Rxa4 Rxc5 55. Bd6+ Kf7 56. Ra7+ Ke6 57. Bxc5 g5 58. f5+ Kf6 59. Bd4# {
Tapalque checkmated} 1-0

[Event "ICS rated blitz match"]
[Site "204.178.125.65"]
[Date "1999.11.07"]
[Round "?"]
[White "Tapalque"]
[Black "Hossa"]
[Result "0-1"]
[WhiteElo "2212"]
[BlackElo "2497"]
[PlyCount "146"]
[EventDate "1999.??.??"]

1. d4 Nf6 2. c4 g6 3. Nc3 Bg7 4. e4 d6 5. Nf3 O-O 6. Be2 e5 7. d5 Bg4 8. O-O c6
9. Be3 Re8 10. Qd2 cxd5 11. cxd5 Bh5 12. h3 Bxf3 13. Bxf3 a6 14. a4 Nbd7 15. a5
Rc8 16. Na4 Rc4 17. Nb6 Nxb6 18. Bxb6 Qe7 19. Rfe1 Nd7 20. Be3 Qf8 21. Rac1
Rec8 22. Rxc4 Rxc4 23. Rc1 Qc8 24. Rc3 Rxc3 25. Qxc3 Qxc3 26. bxc3 f5 27. g4
fxe4 28. Bxe4 Bf6 29. f3 Bd8 30. c4 Bxa5 31. Kf2 Bc3 32. Bc2 Bd4 33. Ke2 Bxe3
34. Kxe3 g5 35. Ke4 Kf7 36. Kf5 h6 37. Ke4 Nc5+ 38. Ke3 b5 39. cxb5 axb5 40.
Kd2 b4 41. Bf5 Nb3+ 42. Kd1 Nd4 43. Be4 Ke7 44. Kc1 Kd8 45. Kb2 Kc7 46. Bg6 Kb6
47. Be4 Kc5 48. Kb1 Ne2 49. Kb2 Kc4 50. Kc2 Nf4 51. Kb2 Nxh3 52. Kc2 Nf4 53.
Kb2 Nxd5 54. Bh7 Nf4 55. Bg8+ Kc5 56. Bf7 Nd3+ 57. Kb3 Ne1 58. Bg6 Nxf3 59. Bf5
Nd4+ 60. Kb2 h5 61. Bc8 h4 62. Bb7 h3 63. Bh1 Ne2 64. Bf3 Ng3 65. Kb3 e4 66.
Bd1 e3 67. Bf3 e2 68. Bxe2 Nxe2 69. Kc2 Nc3 70. Kd2 h2 71. Ke3 h1=Q 72. Kf2 Kd4
73. Kg3 73... Ne4# {Tapalque checkmated} 0-1

[Event "ICS Rated blitz match"]
[Site "204.178.125.65"]
[Date "1999.11.07"]
[Round "?"]
[White "Hossa"]
[Black "Tapalque"]
[Result "1-0"]
[WhiteElo "2502"]
[BlackElo "2207"]
[PlyCount "81"]
[EventDate "1999.??.??"]

1. e4 e5 2. Nf3 Nc6 3. Bb5 a6 4. Ba4 Nf6 5. O-O b5 6. Bb3 d6 7. Ng5 d5 8. exd5
Nd4 9. Re1 Bd6 10. d3 Nxb3 11. axb3 O-O 12. c4 Bb7 13. Nf3 Re8 14. Bg5 h6 15.
Bxf6 Qxf6 16. Nc3 Qg6 17. d4 e4 18. Nd2 f5 19. c5 Bf4 20. c6 Bc8 21. Nxb5 Re7
22. Nc4 Qg5 23. d6 cxd6 24. Nbxd6 e3 25. fxe3 Bxe3+ 26. Rxe3 Rxe3 27. Nb6 Rb8
28. Nbxc8 Rbxb3 29. c7 Rxb2 30. Ne7+ Rxe7 31. c8=Q+ Kh7 32. Qf3 g6 33. Qxa6 h5
34. Qc4 Qf6 35. Qfd5 Rg7 36. Ne8 Qg5 37. Nxg7 Qe3+ 38. Kh1 Re2 39. Qg8+ Kh6 40.
Nxf5+ gxf5 41. Ra6+ {Tapalque resigns} 1-0

[Event "ICS rated blitz match"]
[Site "204.178.125.65"]
[Date "1999.11.07"]
[Round "?"]
[White "Tapalque"]
[Black "Hossa"]
[Result "0-1"]
[WhiteElo "2202"]
[BlackElo "2507"]
[PlyCount "80"]
[EventDate "1999.??.??"]

1. e4 e5 2. Nf3 Nf6 3. Nxe5 d6 4. Nf3 Nxe4 5. d4 Nf6 6. Bd3 Be7 7. O-O Nc6 8.
c3 O-O 9. Nbd2 Re8 10. Re1 d5 11. Nf1 Bd7 12. Bf4 Nh5 13. Be3 Nf6 14. h3 Bc8
15. Qc2 Bd7 16. Rad1 Rc8 17. b4 a6 18. a4 Ra8 19. a5 Rc8 20. Ng3 Rb8 21. Nf5
Ne4 22. g4 Bxf5 23. gxf5 Bh4 24. Bxe4 Rxe4 25. Nh2 Qd7 26. Ng4 Qxf5 27. Kg2
Rxg4+ 28. hxg4 Qxc2 29. Rd2 Qxc3 30. Rde2 Be7 31. Bg5 Bxb4 32. Bd2 Qxd4 33.
Bxb4 Qxg4+ 34. Kf1 Qxb4 35. Re8+ Rxe8 36. Rxe8+ Qf8 37. Rxf8+ Kxf8 38. Ke2 Nxa5
39. Kd3 c5 40. Kc3 40... b5 {Tapalque resigns} 0-1

[Event "ICS rated blitz match"]
[Site "204.178.125.65"]
[Date "1999.11.07"]
[Round "?"]
[White "Hossa"]
[Black "NETAO"]
[Result "1-0"]
[WhiteElo "2512"]
[BlackElo "2053"]
[PlyCount "81"]
[EventDate "1999.??.??"]

1. e4 e5 2. Nf3 Nc6 3. Bb5 f5 4. Bxc6 bxc6 5. exf5 d6 6. O-O Nf6 7. d4 e4 8.
Ng5 Bxf5 9. f3 d5 10. fxe4 Bxe4 11. Nc3 Be7 12. Ncxe4 dxe4 13. Ne6 Qd6 14.
Nxg7+ Kd7 15. Nf5 Qe6 16. Bg5 Nd5 17. Ng7 Qg6 18. Qg4+ Kd8 19. Bxe7+ Kxe7 20.
Nf5+ Kd8 21. Qxe4 Re8 22. Qh4+ Kc8 23. Rae1 Kb7 24. c4 Nf6 25. Ne7 Rxe7 26.
Rxe7 Rg8 27. g3 Ng4 28. Qxh7 Qxh7 29. Rxh7 Ne3 30. Rff7 Nxc4 31. Rxc7+ Kb6 32.
Rb7+ Ka5 33. Rxa7+ Kb5 34. a4+ Kb4 35. Rhb7+ Nb6 36. Rxb6+ Kc4 37. Rxc6+ Kxd4
38. b4 Ke3 39. Re7+ Kf3 40. Rc4 Rd8 41. Rf4# {NETAO checkmated} 1-0

[Event "ICS rated blitz match"]
[Site "204.178.125.65"]
[Date "1999.11.07"]
[Round "?"]
[White "Hossa"]
[Black "speedythought"]
[Result "1-0"]
[WhiteElo "2514"]
[BlackElo "2261"]
[PlyCount "69"]
[EventDate "1999.??.??"]

1. e4 c5 2. Nf3 a6 3. Nc3 Nc6 4. Bc4 e6 5. d3 d6 6. O-O Nf6 7. Re1 Be7 8. Bg5
O-O 9. Bb3 b5 10. Qd2 Rb8 11. Qe3 a5 12. a4 b4 13. Ne2 h6 14. Bxf6 Bxf6 15.
Rab1 Ba6 16. Bc4 Qb6 17. Bxa6 Qxa6 18. Nf4 c4 19. Nh5 Bd8 20. d4 Kh7 21. Qf4 e5
22. dxe5 dxe5 23. Nxe5 Bc7 24. Qf5+ g6 25. Nxg6 Nd4 26. Nxf8+ Kg8 27. Qh7+ Kxf8
28. Qh8+ Ke7 29. Qxd4 Rd8 30. Qc5+ Bd6 31. Qf5 Bb8 32. Rbd1 Rd6 33. Qe5+ Kf8
34. Qh8+ Ke7 35. Qxb8 {speedythought resigns} 1-0

[Event "ICS rated blitz match"]
[Site "204.178.125.65"]
[Date "1999.11.07"]
[Round "?"]
[White "Tapalque"]
[Black "Hossa"]
[Result "0-1"]
[WhiteElo "2163"]
[BlackElo "2520"]
[PlyCount "104"]
[EventDate "1999.??.??"]

1. e4 e5 2. Nf3 Nf6 3. d3 Nc6 4. h3 d5 5. exd5 Nxd5 6. Be2 Be7 7. O-O O-O 8.
Nc3 Nf4 9. Bxf4 exf4 10. Qd2 Nd4 11. Nxd4 Qxd4 12. Bf3 Rd8 13. a3 Rb8 14. Rae1
Bd6 15. Re4 Qb6 16. Rfe1 Bd7 17. b4 Bc6 18. Rc4 Bxf3 19. gxf3 Qa6 20. Nb1 Qb5
21. Kh2 Qh5 22. Qd1 a5 23. Nd2 axb4 24. axb4 Qh4 25. Kg2 Ra8 26. Ne4 Be5 27.
Nc5 b5 28. Rce4 Bc3 29. Rf1 f5 30. Re6 Bxb4 31. Nb3 Qg5+ 32. Kh2 Ra2 33. Qe2
Qh5 34. Rg1 Qf7 35. Re5 Bd6 36. Re6 Rxc2 37. Qxc2 Qxe6 38. Nd4 Qd5 39. Nc6 Ra8
40. Kg2 Ra2 41. Qb1 Ra3 42. Nb4 Qb3 43. Qe1 Bxb4 44. Qe8+ Bf8 45. Rc1 Qxd3 46.
Qc6 b4 47. Rc4 Ra1 48. Rc1 Rxc1 49. Qxc1 b3 50. Qxc7 b2 51. Qb7 b1=Q 52. Qxb1
52... Qxb1 {Tapalque resigns} 0-1